000
00244nam a2200109Ia 4500
008
190216s9999||||xx |||||||||||||| ||und||
100
_a
Kanam E J
245
0
_a
Irikkoo Samsarikkam
260
_b
Veenus Press
650
_a
Malayalam
942
_c
BK
999
_c
26514
_d
26514